000 00631 a2200205 4500
020 _a0070419736
020 _a9780070419735
082 _a515
090 _c1216
_d1216
100 1 _aAyres, Frank.
245 1 0 _aSchaum's outline of calculus /
_c Frank Ayres.Elliott Mendelson,
250 _a4th ed.
260 _a[S.l.] :
_bMcGraw-Hill,
_c2004.
300 _a578 p. ;
_c28 cm.
490 1 _aFourth edition.
700 1 _aAyres, Frank.
830 0 _aFourth edition.
942 _aSNS
_cBK
_k515 AYR
999 _c29829
_d29829